The teacher and the school curriculum/ (Record no. 99136)

MARC details
000 -LEADER
fixed length control field 01020nam a22002777a 4500
003 - CONTROL NUMBER IDENTIFIER
control field URS
005 - DATE AND TIME OF LATEST TRANSACTION
control field 20260323090649.0
008 - FIXED-LENGTH DATA ELEMENTS--GENERAL INFORMATION
fixed length control field 260212b |||||||| |||| 00| 0 eng d
020 ## - INTERNATIONAL STANDARD BOOK NUMBER
International Standard Book Number 9786214272075
040 ## - CATALOGING SOURCE
Original cataloging agency DLC
Language of cataloging eng
Transcribing agency DLC
Modifying agency URS
Description conventions rda
050 ## - LIBRARY OF CONGRESS CALL NUMBER
Classification number LB 1585
Item number .G1357 2024
100 ## - MAIN ENTRY--PERSONAL NAME
Personal name Gallardo, Bernadette Ortinero-
245 ## - TITLE STATEMENT
Title The teacher and the school curriculum/
Statement of responsibility, etc. Bernadette Ortinero-Gallardo and Jonathan L. Mañas.-
264 ## - PRODUCTION, PUBLICATION, DISTRIBUTION, MANUFACTURE, AND COPYRIGHT NOTICE
Place of production, publication, distribution, manufacture Intramuros, Manila:
Name of producer, publisher, distributor, manufacturer Unlimited books library services and publishing incorporation
300 ## - PHYSICAL DESCRIPTION
Extent vi,
Other physical details 179 pages: illustration some (black and white);
Dimensions 23 centimeters.
336 ## - CONTENT TYPE
Source rdacontent
Content type term text
Content type code txt
337 ## - MEDIA TYPE
Source rdamedia
Media type term unmediated
Media type code n
338 ## - CARRIER TYPE
Source rdacarrier
Carrier type term volume
Carrier type code nc
504 ## - BIBLIOGRAPHY, ETC. NOTE
Bibliography, etc. note includes references.
546 ## - LANGUAGE NOTE
Language note In English text.
650 ## - SUBJECT ADDED ENTRY--TOPICAL TERM
Source of heading or term Curriculum development
650 ## - SUBJECT ADDED ENTRY--TOPICAL TERM
Source of heading or term Education - Philippines
650 ## - SUBJECT ADDED ENTRY--TOPICAL TERM
Source of heading or term Educational planning- Philippines
700 ## - ADDED ENTRY--PERSONAL NAME
Personal name Mañas, Jonathan L.
942 ## - ADDED ENTRY ELEMENTS (KOHA)
Source of classification or shelving scheme Library of Congress Classification
Koha item type Filipiniana
Classification part LB 1585
Item part .G1357 2024

No items available.

University of Rizal System
Email us at univlibservices@urs.edu.ph

Visit our Website www.urs.edu.ph/library